| 000 | 00697cam a22002175i 4500 | ||
|---|---|---|---|
| 001 | 17613195 | ||
| 005 | 20170105102350.0 | ||
| 008 | 130204s2013 maua 000 0 eng | ||
| 010 | _a 2012538065 | ||
| 020 | _a9781608075553 | ||
| 040 |
_aDLC _beng _cDLC _erda |
||
| 042 | _apcc | ||
| 082 | _a621.38275 | ||
| 100 | 1 | _aCvijetic, Milorad. | |
| 245 | 1 | 0 |
_aAdvanced optical communications systems and networks _cMilorad Cvijetic, Ivan B. Djordjevic. |
| 260 |
_aBoston _bArtech House _c2013 |
||
| 300 |
_axx, 804 pages : _billustrations ; _c24 cm |
||
| 906 |
_a0 _bibc _corignew _d2 _encip _f20 _gy-gencatlg |
||
| 942 |
_2ddc _cBK |
||
| 999 |
_c11867 _d11867 |
||